000 00347nam a2200133Ia 4500
008 240624s9999 xx 000 0 und d
041 _aeng
082 _a658.401 RED
100 _aKONASANI VENKAT REDDY
245 _aPRACTICAL BUSINESS ANALYTICS USING SAS
260 _c2015
_aNew Delhi
_bWiley
300 _a548 : p. : cm. ; 28
365 _cRS
_b33
999 _c26499
_d26499